French literature and its background
में बचाया:
| मुख्य लेखक: | |
|---|---|
| स्वरूप: | पुस्तक |
| भाषा: | Undetermined |
| प्रकाशित: |
Londres, Inglaterra
Oxford University
1970
|
| विषय: | |
| टैग: |
टैग जोड़ें
कोई टैग नहीं, इस रिकॉर्ड को टैग करने वाले पहले व्यक्ति बनें!
|
MARC
| LEADER | 00000nam a2200000Ia 4500 | ||
|---|---|---|---|
| 008 | 170316s9999 xx 000 0 und d | ||
| 040 | |a cru BVZT | ||
| 090 | |a C-840 C-4f | ||
| 100 | |a Cruickshank, John | ||
| 245 | |a French literature and its background | ||
| 260 | |a Londres, Inglaterra | ||
| 260 | |b Oxford University | ||
| 260 | |c 1970 | ||
| 300 | |a 341 páginas | ||
| 650 | |a LITERATURA FRANCESA | ||
| 650 | |a CRÍTICA | ||
| 999 | |c 12960 |d 12960 | ||
| 942 | |c 15 D |h C-840 C-4f |2 z | ||
